000 00682cam a2200229 4500
001 D6249
008 090401t1983 xxu||||| |||| 00| 0 eng d
035 _a(Sirsi) u93252
041 _aeng
050 _a692.9
100 _aJones, G.P.
245 2 _aA new approach to the [DOM/1] standard form of building sub-contract
260 _aLondon
_bConstruction Press
_c1983
300 _a199p. 22cm x 31cm
350 _a35
650 _aDOM/1
650 _aJCT STANDARD FORM OF BUILDING CONTRACT (1980 EDITION)
650 _aJCT STANDARD FORMS OF BUILDING CONTRACT
650 _aJCT STANDARD FORM OF NOMINATED SUB-CONTRACT (1980 EDITION)
942 _n0
948 _c04/03/1997
999 _c97821
_d97821